000 003070000a22001450004500
003 MACL
040 _aMACL
090 _c33296
_d33294
100 _aArick, Martin R
245 _aUnix Shell
260 _bBP B Publications
_c1992
350 _a120
650 _aComputer probraming
942 _cBOOK
_k005/Ari
999 _c32947
_d32947